header

Franklin D. Roosevelt (Record no. 42792)

MARC details
000 -LEADER
fixed length control field 01365nam a2200361 a 4500
082 04 - DEWEY DECIMAL CLASSIFICATION NUMBER
Classification number 973.917
100 1# - MAIN ENTRY--AUTHOR NAME
Personal name Heale, M. J.
245 10 - TITLE STATEMENT
Title Franklin D. Roosevelt
260 ## - PUBLICATION, DISTRIBUTION, ETC. (IMPRINT)
Place of publication London ;
-- New York :
Name of publisher Routledge,
Year of publication 2001.
300 ## - PHYSICAL DESCRIPTION
Number of Pages xxv, 82 p. :
Other physical details ill.
490 1# - SERIES STATEMENT
Series statement Lancaster pamphlets
650 #0 - SUBJECT ADDED ENTRY--TOPICAL TERM
Topical Term New Deal, 1933-1939.
Topical Term World War, 1939-1945.
856 40 - ELECTRONIC LOCATION AND ACCESS
Uniform Resource Identifier http://site.ebrary.com/lib/rucke/Doc?id=10070505

No items available.

© 2026 Rongo University
Contact us: librarian | system librarian | Rongo university